Statistics for Eurovision Song Contest 2024

Click here to take the quiz!

General Stats

  • This quiz has been taken 209 times
  • The average score is 51 of 74

Answer Stats

CountryAct or Song% Correct
British SongDizzy
90%
Swiss ActNemo
90%
Dutch SongEuropapa
89%
Swiss SongThe Code
89%
Swedish SongUnforgettable
88%
Finnish SongNo Rules!
86%
Cypriotic SongLiar
85%
Italian SongLa noia
84%
British ActOlly Alexander
84%
Polish SongThe Tower
84%
Croatian ActBaby Lasagna
82%
Dutch ActJoost Klein
82%
Swedish ActMarcus & Martinus
82%
Slovenian SongVeronika
81%
Austrian SongWe Will Rave
81%
Irish SongDoomsday Blue
80%
Serbian SongRAMONDA
80%
Danish SongSAND
80%
Spanish SongZORRA
80%
Luxembourgish SongFighter
79%
French SongMon amour
79%
Irish ActBambie Thug
78%
Lithuanian SongLuktelk
78%
Polish ActLUNA
78%
Finnish ActWindows95man
78%
German SongAlways on the Run
76%
German ActISAAK
76%
Croatian SongRim Tim Tagi Dim
76%
Czech SongPedestal
75%
Belgian SongBefore the Party's Over
74%
Israeli SongHurricane
74%
Georgian SongFirefighter
72%
Latvian SongHollow
72%
Maltese SongLoop
72%
Luxembourgish ActTALI
72%
Ukrainian SongTeresa & Maria
72%
Sammarinese Song11:11
70%
Latvian ActDons
70%
Belgian ActMustii
70%
Icelandic SongScared of Heights
70%
French ActSlimane
70%
Greek SongZARI
70%
Italian ActAngelina Mango
69%
Albanian SongTITAN
69%
Czech ActAiko
68%
Norwegian ActGåte
68%
Australian SongOne Milkali (One Blood)
68%
Slovenian ActRaiven
68%
Danish ActSABA
68%
Icelandic ActHera Björk
66%
Serbian ActTEYA DORA
66%
Armenian SongJako
64%
Austrian ActKaleen
64%
Lithuanian ActSilvester Belt
64%
Ukrainian Actalyona alyona & Jerry Heil
63%
Spanish ActNebulossa
63%
Cypriotic ActSilia Kapsis
63%
Norwegian SongUlveham
62%
Portuguese SongGrito
60%
Moldovan SongIn the Middle
60%
Israeli ActEden Golan
59%
Portuguese Actiolanda
59%
Greek ActMarina Satti
59%
Sammarinese ActMEGARA
59%
Armenian ActLADANIVA
57%
Albanian ActBESA
54%
Australian ActElectric Fields
54%
Moldovan ActNatalia Barbu
53%
Maltese ActSarah Bonnici
53%
Azerbaijani SongÖzünlə apar
32%
Estonian Act5MIINUST x Puuluup
31%
Georgian ActNutsa Buzaladze
29%
Estonian Song(nendest) narkootikumidest ei tea me (küll) midagi
22%
Azerbaijani ActFahree feat. Ilkin Dovlatov
19%

Score Distribution

Percentile by Number Answered

Percent of People with Each Score

Your Score History

You have not taken this quiz